[Event "SLO-chT 32nd"]
[Site "Ljubljana"]
[Date "2022.09.11"]
[Round "6.4"]
[White "Brinovec, Dusan"]
[Black "Polajzer, Danilo"]
[Result "1-0"]
[WhiteElo "2190"]
[BlackElo "2210"]
[PlyCount "120"]
[EventDate "2022.09.02"]
[EventType "team-tourn"]
[EventRounds "9"]
[EventCountry "SLO"]
[SourceTitle "EXT 2023"]
[Source "ChessBase"]
[SourceDate "2022.10.05"]
[SourceVersion "1"]
[SourceVersionDate "2022.10.05"]
[SourceQuality "1"]
[WhiteTeam "Zalec"]
[BlackTeam "Ptuj"]
[WhiteTeamCountry "SVK"]
[BlackTeamCountry "SLO"]

1. e4 g6 2. d4 Bg7 3. Nf3 c6 4. h4 h5 5. c3 d5 6. Bd3 Bg4 7. Nbd2 dxe4 8. Nxe4 Nh6 9. Neg5 Nd7 10. Nxf7 Nxf7 11. Bxg6 0-0 12. Qb3 Qb6 13. Qc2 Nd6 14. Ng5 Bf5 15. Bxf5 Nxf5 16. Qe2 e5 17. Qc4+ Kh8 18. Nf7+ Kh7 19. Qe6 exd4 20. 0-0 Rxf7 21. Qxf7 Nf6 22. Bg5 Nh6 23. Qc4 dxc3 24. Qxc3 Rf8 25. Rae1 Qc7 26. g3 Qf7 27. Qd3+ Kh8 28. b3 Nd5 29. Kg2 Ng4 30. f3 Ne5 31. Qe2 Qf5 32. Qe4 Kh7 33. g4 hxg4 34. fxg4 Qxe4+ 35. Rxe4 Rxf1 36. Kxf1 Nc3 37. Rf4 Nd5 38. Re4 Nc3 39. Rf4 Nd5 40. Re4 Nf3 41. Re6 Nxg5 42. hxg5 Bf8 43. Re8 Bd6 44. Rd8 Bc5 45. Kg2 Kg6 46. Rg8+ Kf7 47. Rb8 b5 48. Kf3 Kg6 49. Ra8 Kf7 50. Rh8 Bf8 51. g6+ Kg7 52. Rh7+ Kxg6 53. Rd7 Kf6 54. a4 bxa4 55. bxa4 Ke5 56. a5 Bc5 57. Rb7 Nb4 58. Rh7 Kd5 59. Rh5+ Kc4 60. g5 Nd5 1-0

[Event "SLO-chT NML 31st"]
[Site "Ptuj/Grosuplje"]
[Date "2021.10.09"]
[Round "2.3"]
[White "Polajzer, Danilo"]
[Black "Coklin, Marko"]
[Result "1/2-1/2"]
[WhiteElo "2204"]
[BlackElo "2227"]
[PlyCount "109"]
[EventDate "2021.10.08"]
[EventType "team-tourn"]
[EventRounds "9"]
[EventCountry "SLO"]
[SourceTitle "EXT 2023"]
[Source "ChessBase"]
[SourceDate "2022.10.05"]
[SourceVersion "1"]
[SourceVersionDate "2022.10.05"]
[SourceQuality "1"]
[WhiteTeam "Ptuj"]
[BlackTeam "Pomgrad"]
[WhiteTeamCountry "SLO"]
[BlackTeamCountry "SLO"]

1. e4 c5 2. Nf3 Nc6 3. c3 d5 4. exd5 Qxd5 5. d4 Nf6 6. dxc5 Qxd1+ 7. Kxd1 a5 8. Bb5 Bg4 9. Nbd2 0-0-0 10. Ke2 e5 11. h3 Bxf3+ 12. Nxf3 Bxc5 13. Ng5 Rd7 14. Rd1 Rxd1 15. Kxd1 Rf8 16. Bc4 Nd8 17. Ke2 h6 18. Nf3 Nc6 19. a3 e4 20. Nh4 Ne5 21. Bb5 Nd5 22. Nf5 Nc7 23. Ba4 Nd3 24. b4 g6 25. Ne3 Ba7 26. Nc4 Rd8 27. Be3 Bxe3 28. Nxe3 Nf4+ 29. Kf1 f5 30. h4 b5 31. Bd1 a4 32. c4 Rd2 33. cxb5 Nd3 34. b6 Rxf2+ 35. Kg1 Ne6 36. Bxa4 Re2 37. Nd5 Nef4 38. Nxf4 Nxf4 39. Rc1+ Kb7 40. Rc2 Re3 41. Bc6+ Kxb6 42. a4 Re1+ 43. Kh2 Ra1 44. a5+ Ka6 45. g3 Nd3 46. Be8 Nxb4 47. Rd2 e3 48. Rb2 Ra2 49. Rxa2 Nxa2 50. Kg2 g5 51. hxg5 hxg5 52. Bg6 f4 53. gxf4 gxf4 54. Bd3+ Kxa5 55. Kf3 1/2-1/2

[Event "SLO-chT 30th"]
[Site "Gostovanja"]
[Date "2020.10.10"]
[Round "4.2"]
[White "Polajzer, Danilo"]
[Black "Pavic, Filip"]
[Result "1/2-1/2"]
[WhiteElo "2205"]
[BlackElo "2255"]
[PlyCount "64"]
[EventDate "2020.10.02"]
[EventType "team-tourn"]
[EventRounds "5"]
[EventCountry "SLO"]
[SourceTitle "CBM 198 Extra"]
[Source "ChessBase"]
[SourceDate "2020.11.30"]
[SourceVersion "1"]
[SourceVersionDate "2020.11.30"]
[SourceQuality "1"]
[WhiteTeam "Ptuj"]
[BlackTeam "Zalec"]
[WhiteTeamCountry "SLO"]
[BlackTeamCountry "SLO"]

1. d4 Nf6 2. Nf3 b6 3. g3 Bb7 4. Bg2 g6 5. c4 Bg7 6. Nc3 Ne4 7. Nxe4 Bxe4 8. 0-0 d6 9. b3 c5 10. Bb2 Nc6 11. Qd2 0-0 12. dxc5 dxc5 13. Bxg7 Qxd2 14. Nxd2 Bxg2 15. Kxg2 Kxg7 16. Ne4 Rfd8 17. Rfd1 Rd4 18. Rxd4 cxd4 19. f4 e5 20. fxe5 Re8 21. Nd2 Rxe5 22. Kf2 Re3 23. Nf3 Rc3 24. Rd1 Rc2 25. Nxd4 Nxd4 26. Rxd4 Rxa2 27. b4 Ra4 28. b5 f5 29. h4 Kf6 30. Rd6+ Ke5 31. Rc6 f4 32. c5 Kf5 1/2-1/2

[Event "Balatonlelle Benko Memorial GM"]
[Site "Balatonlelle"]
[Date "2020.09.03"]
[Round "4"]
[White "Krstulovic, Alex"]
[Black "Polajzer, Danilo"]
[Result "1-0"]
[WhiteElo "2338"]
[BlackElo "2220"]
[PlyCount "65"]
[EventDate "2020.08.31"]
[EventType "tourn"]
[EventRounds "9"]
[EventCountry "HUN"]
[EventCategory "7"]
[SourceTitle "CBM 198 Extra"]
[Source "ChessBase"]
[SourceDate "2020.11.30"]
[SourceVersion "1"]
[SourceVersionDate "2020.11.30"]
[SourceQuality "1"]

1. d4 d5 2. Nf3 Nf6 3. Bf4 c5 4. e3 Nc6 5. Nbd2 cxd4 6. exd4 Qb6 7. Nb3 Bf5 8. c3 e6 9. a4 a6 10. Be2 h6 11. 0-0 Be7 12. a5 Qd8 13. Nc5 Ne4 14. Nxb7 Qd7 15. Nc5 Nxc5 16. dxc5 Bxc5 17. Qa4 0-0 18. Rfd1 Qb7 19. b4 Be7 20. Rac1 Rfc8 21. Be3 Bg4 22. b5 Ne5 23. bxa6 Qc7 24. Bb6 Qd6 25. a7 Nxf3+ 26. gxf3 Bh3 27. Ba6 Qe5 28. Be3 Rc4 29. Bxc4 Bd6 30. f4 Qe4 31. Bxd5 Qg6+ 32. Kh1 exd5 33. Rg1 1-0

[Event "SLO-chT1 East"]
[Site "Slovenia"]
[Date "2018.11.09"]
[Round "7"]
[White "Polajzer, Danilo"]
[Black "Hevir, Vladimir"]
[Result "1-0"]
[WhiteElo "2267"]
[BlackElo "2036"]
[PlyCount "53"]
[EventDate "2018.09.28"]
[EventType "team-tourn"]
[EventRounds "9"]
[EventCountry "SLO"]
[SourceTitle "EXT 2021"]
[Source "ChessBase"]
[SourceDate "2020.10.23"]
[SourceVersion "1"]
[SourceVersionDate "2020.10.23"]
[SourceQuality "1"]

1. d4 c5 2. d5 d6 3. c4 g6 4. e4 Bg7 5. Nf3 Bg4 6. Be2 Nd7 7. 0-0 Ngf6 8. Nc3 a6 9. a4 0-0 10. Nd2 Bxe2 11. Qxe2 Qa5 12. f4 Nh5 13. g4 Bxc3 14. bxc3 Nhf6 15. Ra3 Qc7 16. Re1 b5 17. e5 b4 18. Rb3 Ne8 19. Nf3 Ng7 20. cxb4 cxb4 21. Nd4 a5 22. Nc6 Nc5 23. Rh3 dxe5 24. Qf2 Nxa4 25. Qh4 f6 26. Qxh7+ Kf7 27. Rh6 1-0

[Event "Zalakaros op 37th"]
[Site "Zalakaros"]
[Date "2018.06.02"]
[Round "9"]
[White "Bozinovic, Bogdan"]
[Black "Polajzer, Danilo"]
[Result "1/2-1/2"]
[WhiteElo "2176"]
[BlackElo "2273"]
[PlyCount "26"]
[EventDate "2018.05.25"]
[EventType "swiss"]
[EventRounds "9"]
[EventCountry "HUN"]
[SourceTitle "CBM 184 Extra"]
[Source "ChessBase"]
[SourceDate "2018.06.28"]
[SourceVersion "1"]
[SourceVersionDate "2018.06.28"]
[SourceQuality "1"]

1. d4 d5 2. c4 c6 3. Nf3 Nf6 4. Nc3 dxc4 5. a4 e6 6. e3 c5 7. Bxc4 cxd4 8. exd4 Be7 9. 0-0 0-0 10. d5 exd5 11. Nxd5 Nxd5 12. Bxd5 Nd7 13. Be3 Nf6 1/2-1/2

[Event "Zalakaros op 37th"]
[Site "Zalakaros"]
[Date "2018.05.31"]
[Round "7"]
[White "Takac, Zvonko"]
[Black "Polajzer, Danilo"]
[Result "0-1"]
[WhiteElo "1977"]
[BlackElo "2273"]
[PlyCount "60"]
[EventDate "2018.05.25"]
[EventType "swiss"]
[EventRounds "9"]
[EventCountry "HUN"]
[SourceTitle "EXT 2019"]
[Source "ChessBase"]
[SourceDate "2018.10.10"]
[SourceVersion "1"]
[SourceVersionDate "2018.10.10"]
[SourceQuality "1"]

1. d4 Nf6 2. c4 c5 3. d5 g6 4. Nc3 Bg7 5. g3 0-0 6. Bg2 d6 7. e4 e6 8. Nge2 exd5 9. exd5 Nbd7 10. 0-0 Ne5 11. b3 Re8 12. Bg5 h6 13. Bf4 g5 14. Bxe5 Rxe5 15. Qd2 Qe7 16. Rae1 Bf5 17. f4 gxf4 18. gxf4 Re3 19. Ng3 Rxe1 20. Nxf5 Rxf1+ 21. Bxf1 Qf8 22. Qg2 Kh8 23. Nb5 Ne8 24. Bd3 a6 25. Nxg7 Qxg7 26. Qxg7+ Kxg7 27. Nc3 Nf6 28. Kf2 Kf8 29. Ne2 Nh5 30. Nc3 Nxf4 0-1

[Event "Zalakaros op 37th"]
[Site "Zalakaros"]
[Date "2018.05.27"]
[Round "3"]
[White "Nemeth, Miklos"]
[Black "Polajzer, Danilo"]
[Result "1-0"]
[WhiteElo "2491"]
[BlackElo "2273"]
[PlyCount "53"]
[EventDate "2018.05.25"]
[EventType "swiss"]
[EventRounds "9"]
[EventCountry "HUN"]
[SourceTitle "CBM 184 Extra"]
[Source "ChessBase"]
[SourceDate "2018.06.28"]
[SourceVersion "1"]
[SourceVersionDate "2018.06.28"]
[SourceQuality "1"]

1. e4 c6 2. d4 d5 3. e5 c5 4. dxc5 e6 5. a3 Bxc5 6. b4 Bb6 7. Qg4 Kf8 8. Nf3 Nd7 9. Bd3 a5 10. Bb2 axb4 11. axb4 Rxa1 12. Bxa1 Ne7 13. 0-0 Ng6 14. Re1 Bc7 15. Bxg6 hxg6 16. h4 Kg8 17. Nbd2 Rh5 18. Nf1 Nf8 19. Ng3 Rh6 20. Bd4 Bb6 21. Ra1 Bd7 22. Bxb6 Qxb6 23. Ra8 Qc7 24. Qg5 Bc8 25. Nd4 Rh8 26. Nb5 Qxc2 27. Nd6 1-0

[Event "Zalakaros op 37th"]
[Site "Zalakaros"]
[Date "2018.05.26"]
[Round "2"]
[White "Polajzer, Danilo"]
[Black "Pasti, Aron"]
[Result "1-0"]
[WhiteElo "2273"]
[BlackElo "2064"]
[PlyCount "31"]
[EventDate "2018.05.25"]
[EventType "swiss"]
[EventRounds "9"]
[EventCountry "HUN"]
[SourceTitle "CBM 184 Extra"]
[Source "ChessBase"]
[SourceDate "2018.06.28"]
[SourceVersion "1"]
[SourceVersionDate "2018.06.28"]
[SourceQuality "1"]

1. Nf3 d5 2. d4 Nf6 3. Bf4 c5 4. e3 Nc6 5. Nc3 Qb6 6. Nb5 cxd4 7. exd4 Nh5 8. Bc7 Qa6 9. Nd6+ exd6 10. Bxa6 bxa6 11. Ne5 dxe5 12. Qxh5 g6 13. Qf3 Nxd4 14. Qf6 Nxc2+ 15. Kd2 Nxa1 16. Qd8# 1-0

[Event "Podturen Mavrin Memorial 6th"]
[Site "Podturen"]
[Date "2018.01.05"]
[Round "3"]
[White "Murko, David"]
[Black "Polajzer, Danilo"]
[Result "1/2-1/2"]
[WhiteElo "2116"]
[BlackElo "2268"]
[PlyCount "20"]
[EventDate "2018.01.04"]
[EventType "swiss"]
[EventRounds "7"]
[EventCountry "CRO"]
[SourceTitle "CBM 182 Extra"]
[Source "ChessBase"]
[SourceDate "2018.02.23"]
[SourceVersion "1"]
[SourceVersionDate "2018.02.23"]
[SourceQuality "1"]

1. e4 e5 2. Nf3 Nc6 3. Bb5 a6 4. Ba4 Nf6 5. 0-0 Be7 6. Re1 b5 7. Bb3 d6 8. c3 0-0 9. h3 Bb7 10. d4 h6 1/2-1/2

[Event "Podturen Mavrin Memorial 6th"]
[Site "Podturen"]
[Date "2018.01.05"]
[Round "2"]
[White "Polajzer, Danilo"]
[Black "Svec, Darko"]
[Result "1-0"]
[WhiteElo "2268"]
[BlackElo "1910"]
[PlyCount "91"]
[EventDate "2018.01.04"]
[EventType "swiss"]
[EventRounds "7"]
[EventCountry "CRO"]
[SourceTitle "CBM 182 Extra"]
[Source "ChessBase"]
[SourceDate "2018.02.23"]
[SourceVersion "1"]
[SourceVersionDate "2018.02.23"]
[SourceQuality "1"]

1. Nf3 Nf6 2. c4 g6 3. Nc3 d5 4. cxd5 Nxd5 5. Qa4+ Nc6 6. Ne5 Nxc3 7. dxc3 Bd7 8. Nxd7 Qxd7 9. e4 Ne5 10. Qxd7+ Nxd7 11. Bf4 e5 12. Bg3 a6 13. Bc4 Bg7 14. 0-0-0 Rf8 15. b4 0-0-0 16. Kc2 Nb6 17. Bb3 Rxd1 18. Rxd1 Nd7 19. f3 c6 20. a4 Kc7 21. a5 Bf6 22. Bf2 Be7 23. Be3 g5 24. g3 f6 25. Be6 Rd8 26. Kb3 b5 27. axb6+ Nxb6 28. Rxd8 Bxd8 29. Bf5 h6 30. h4 Be7 31. h5 Bf8 32. Bh3 Be7 33. Be6 Bf8 34. c4 Be7 35. c5 Na8 36. Kc4 Bf8 37. Kd3 Kb7 38. Bc4 Nc7 39. Ke2 Nb5 40. f4 Kc7 41. Kf3 Kd7 42. Kg4 Ke7 43. fxg5 fxg5 44. Bxb5 axb5 45. Kf5 Bg7 46. Bd2 1-0

[Event "Donau op 26th"]
[Site "Aschach"]
[Date "2017.12.31"]
[Round "7"]
[White "Polajzer, Danilo"]
[Black "Salvenmoser, Stefan"]
[Result "1-0"]
[WhiteElo "2271"]
[BlackElo "2200"]
[PlyCount "92"]
[EventDate "2017.12.26"]
[EventType "swiss"]
[EventRounds "7"]
[EventCountry "AUT"]
[SourceTitle "CBM 182 Extra"]
[Source "ChessBase"]
[SourceDate "2018.02.23"]
[SourceVersion "1"]
[SourceVersionDate "2018.02.23"]
[SourceQuality "1"]

1. Nf3 d5 2. d4 Nf6 3. c4 c6 4. e3 a6 5. Nbd2 Bf5 6. Be2 e6 7. Nh4 Bg6 8. 0-0 Be7 9. b3 Ne4 10. Nxg6 Nc3 11. Qe1 Nxe2+ 12. Qxe2 hxg6 13. Bb2 Nd7 14. e4 dxe4 15. Nxe4 Nf6 16. Ng5 Qc7 17. g3 Rd8 18. Rfe1 0-0 19. Bc3 Rfe8 20. Rad1 Bd6 21. Qf3 a5 22. Re2 Bb4 23. Bb2 Bf8 24. h4 b5 25. Kg2 bxc4 26. bxc4 c5 27. d5 exd5 28. Rxe8 Nxe8 29. h5 d4 30. hxg6 fxg6 31. Qe4 Qd6 32. Qh4 Nf6 33. Rh1 Nh5 34. Qe4 Nf6 35. Qxg6 Qc6+ 36. Kg1 Qe8 37. Qf5 Qd7 38. Qg6 Qe8 39. Qd3 Rd7 40. Bc1 Re7 41. Bd2 Qc6 42. Rh4 a4 43. Nh7 Ne4 44. Rf4 Kxh7 45. Rxf8 g6 46. Qf3 g5 1-0

[Event "SLO-chT 27th"]
[Site "Slovenia"]
[Date "2017.12.10"]
[Round "9.3"]
[White "Blazeka, Matej"]
[Black "Polajzer, Danilo"]
[Result "1/2-1/2"]
[WhiteElo "2325"]
[BlackElo "2274"]
[PlyCount "98"]
[EventDate "2017.09.29"]
[EventType "team-tourn"]
[EventRounds "9"]
[EventCountry "SLO"]
[SourceTitle "EXT 2019"]
[Source "ChessBase"]
[SourceDate "2018.10.10"]
[SourceVersion "1"]
[SourceVersionDate "2018.10.10"]
[SourceQuality "1"]
[WhiteTeam "Prevodi Dvojka"]
[BlackTeam "Ptuj"]
[WhiteTeamCountry "SLO"]
[BlackTeamCountry "SLO"]

1. e4 c5 2. Nf3 d6 3. d4 cxd4 4. Nxd4 Nf6 5. f3 e5 6. Nb3 d5 7. Bg5 Be6 8. Bxf6 gxf6 9. exd5 Qxd5 10. Qxd5 Bxd5 11. Nc3 Be6 12. 0-0-0 Nc6 13. Ne4 Bh6+ 14. Kb1 Ke7 15. Nec5 Rad8 16. Bb5 Rxd1+ 17. Rxd1 Rd8 18. Rxd8 Nxd8 19. Nxe6 fxe6 20. c3 f5 21. Kc2 Be3 22. Nc1 Nf7 23. Ne2 Nd6 24. Ba4 e4 25. fxe4 Nxe4 26. Kd3 Bb6 27. b4 Nf2+ 28. Kd2 Ng4 29. h3 Ne3 30. g3 Nc4+ 31. Kc2 Bc7 32. Bb3 Ne3+ 33. Kd3 Nf1 34. Nd4 Nxg3 35. Bxe6 Kf6 36. Bc8 b6 37. Nc6 a5 38. bxa5 bxa5 39. c4 h5 40. Nd4 Bb6 41. h4 Ke5 42. Ne6 Ne4 43. Ng7 f4 44. Ke2 Nd6 45. Bd7 Nxc4 46. Nxh5 Bd8 47. Kf3 Bxh4 48. Nxf4 Kd4 49. Ne2+ Kc5 1/2-1/2

[Event "Pardubice Czech op-A 28th"]
[Site "Pardubice"]
[Date "2017.07.26"]
[Round "6"]
[White "Semjonovs, Ilja"]
[Black "Polajzer, Danilo"]
[Result "1/2-1/2"]
[WhiteElo "2198"]
[BlackElo "2291"]
[PlyCount "105"]
[EventDate "2017.07.21"]
[EventType "swiss"]
[EventRounds "9"]
[EventCountry "CZE"]
[SourceTitle "CBM 179 Extra"]
[Source "ChessBase"]
[SourceDate "2017.08.23"]
[SourceVersion "1"]
[SourceVersionDate "2017.08.23"]
[SourceQuality "1"]

1. e4 e5 2. Nf3 Nc6 3. Bc4 Nf6 4. d3 Be7 5. Nc3 0-0 6. 0-0 d6 7. h3 Na5 8. Bb3 h6 9. d4 exd4 10. Qxd4 a6 11. Qd3 b5 12. Nd5 Bb7 13. Bd2 Nxb3 14. axb3 Nxd5 15. exd5 Qd7 16. Bc3 c5 17. dxc6 Qxc6 18. Qf5 Rfe8 19. Qg4 Bf8 20. Rfe1 Rxe1+ 21. Rxe1 Re8 22. Rxe8 Qxe8 23. Nh4 Bc8 24. Nf5 Qe6 25. Ne3 Qxe3 26. fxe3 Bxg4 27. hxg4 d5 28. Kf2 f6 29. Kf3 Kf7 30. e4 Ke6 31. Ke3 Bd6 32. exd5+ Kxd5 33. Kd3 Bf8 34. Be1 f5 35. c4+ Ke5 36. gxf5 Kxf5 37. Kd4 Ke6 38. Ke4 h5 39. Bc3 g5 40. Bd4 Bd6 41. c5 Bg3 42. Kf3 Bc7 43. b4 g4+ 44. Kf2 h4 45. Bc3 Kf5 46. Bg7 Bg3+ 47. Ke2 Ke4 48. Kf1 Kd5 49. Bf6 h3 50. gxh3 gxh3 51. Bc3 Ke4 52. Kg1 Kd5 53. Kh1 1/2-1/2

[Event "Pardubice Czech op-A 28th"]
[Site "Pardubice"]
[Date "2017.07.23"]
[Round "3"]
[White "Polajzer, Danilo"]
[Black "Baasansuren, Erdene"]
[Result "0-1"]
[WhiteElo "2291"]
[BlackElo "2128"]
[PlyCount "144"]
[EventDate "2017.07.21"]
[EventType "swiss"]
[EventRounds "9"]
[EventCountry "CZE"]
[SourceTitle "CBM 179 Extra"]
[Source "ChessBase"]
[SourceDate "2017.08.23"]
[SourceVersion "1"]
[SourceVersionDate "2017.08.23"]
[SourceQuality "1"]

1. Nf3 Nf6 2. c4 g6 3. Nc3 Bg7 4. e4 d6 5. d4 0-0 6. Be2 e5 7. 0-0 Nc6 8. Be3 Ng4 9. Bg5 f6 10. Bc1 exd4 11. Nxd4 Nxd4 12. Qxd4 Be6 13. Bxg4 f5 14. Qd3 fxg4 15. Be3 Be5 16. Bd4 Qg5 17. Nd5 Rf7 18. Rad1 Raf8 19. b3 a6 20. Bxe5 Qxe5 21. Qd4 Qxd4 22. Rxd4 b5 23. cxb5 axb5 24. Nc3 Ra8 25. Re1 Ra6 26. e5 dxe5 27. Rxe5 Rc6 28. Re3 Bd7 29. f3 gxf3 30. gxf3 Rc5 31. h4 Bc6 32. Kf2 Rcf5 33. Ne4 h6 34. Nd2 Kg7 35. Kg3 Rc5 36. Re6 Bd7 37. Re3 Rc2 38. a3 c5 39. Rd5 Bf5 40. Ne4 Bxe4 41. Rxe4 Rc3 42. Rf4 Rc7 43. Rd6 Rxb3 44. Rff6 Rf7 45. Rxg6+ Kf8 46. Rd8+ Ke7 47. Rb8 Rfxf3+ 48. Kg2 Rfc3 49. Rb7+ Kf8 50. Rf6+ Ke8 51. Rf2 Rg3+ 52. Kh2 Rh3+ 53. Kg2 Rbg3+ 54. Kf1 Rh1+ 55. Ke2 Rb3 56. Rg2 Kf8 57. Rf2+ Ke8 58. Rg2 Rb2+ 59. Kf3 Rf1+ 60. Kg3 Rxg2+ 61. Kxg2 Rb1 62. a4 Rb2+ 63. Kf1 b4 64. a5 Ra2 65. Rb5 Kd7 66. Ke1 Kc6 67. Rb6+ Kd5 68. a6 h5 69. Kd1 Kc4 70. Kc1 Kc3 71. Kb1 b3 72. Rb5 c4 0-1

[Event "SLO-chT"]
[Site "Slovenia"]
[Date "2016.12.09"]
[Round "7.1"]
[White "Polajzer, Danilo"]
[Black "Kavcic, Zan"]
[Result "1/2-1/2"]
[WhiteElo "2283"]
[BlackElo "2305"]
[PlyCount "72"]
[EventDate "2016.10.14"]
[EventType "team-tourn"]
[EventRounds "9"]
[EventCountry "SLO"]
[SourceTitle "EXT 2018"]
[Source "ChessBase"]
[SourceDate "2017.10.13"]
[SourceVersion "1"]
[SourceVersionDate "2017.10.13"]
[SourceQuality "1"]
[WhiteTeam "Ptuj"]
[BlackTeam "Vrhnika"]
[WhiteTeamCountry "SLO"]
[BlackTeamCountry "SLO"]

1. Nf3 Nf6 2. c4 g6 3. Nc3 d5 4. cxd5 Nxd5 5. Qa4+ Bd7 6. Qh4 Nxc3 7. dxc3 Nc6 8. e4 e5 9. Bg5 Be7 10. Bc4 h5 11. Bxe7 Qxe7 12. Qxe7+ Kxe7 13. b4 Bg4 14. Nd2 a5 15. b5 Nd8 16. Nf1 Be6 17. Ne3 Bxc4 18. Nxc4 f6 19. 0-0-0 Ne6 20. Rd2 Rhd8 21. Rhd1 Rxd2 22. Rxd2 Nc5 23. f3 b6 24. Rd5 Ke6 25. Kc2 Nd7 26. Rd1 Rc8 27. g3 Nc5 28. Rd5 Nb7 29. Kb3 Nd6 30. a4 g5 31. Rxd6+ cxd6 32. Nxb6 Rb8 33. Nc4 Ra8 34. Nb6 Rb8 35. Nc4 Ra8 36. Nb6 Rb8 1/2-1/2

[Event "SLO-chT"]
[Site "Slovenia"]
[Date "2016.11.11"]
[Round "4.4"]
[White "Polajzer, Danilo"]
[Black "Gombac, Jan"]
[Result "1-0"]
[WhiteElo "2283"]
[BlackElo "2250"]
[PlyCount "81"]
[EventDate "2016.10.14"]
[EventType "team-tourn"]
[EventRounds "9"]
[EventCountry "SLO"]
[SourceTitle "CBM 175 Extra"]
[Source "ChessBase"]
[SourceDate "2016.12.12"]
[SourceVersion "1"]
[SourceVersionDate "2016.12.12"]
[SourceQuality "1"]
[WhiteTeam "Ptuj"]
[BlackTeam "Krsko Triglav"]
[WhiteTeamCountry "SLO"]
[BlackTeamCountry "SLO"]

1. Nf3 Nf6 2. c4 c6 3. d4 d5 4. e3 Bf5 5. cxd5 cxd5 6. Nc3 e6 7. Ne5 Nfd7 8. g4 Bg6 9. Nxg6 hxg6 10. e4 dxe4 11. d5 exd5 12. Qxd5 Nc6 13. Be3 Nf6 14. Qc4 Nxg4 15. Qxe4+ Nge5 16. Bb5 Bd6 17. 0-0-0 0-0 18. h4 Qe7 19. Bg5 f6 20. Be3 Rad8 21. Ba4 Bc5 22. Bb3+ Nf7 23. Rxd8 Bxe3+ 24. fxe3 Rxd8 25. Qxg6 Qxe3+ 26. Kb1 Qd3+ 27. Qxd3 Rxd3 28. Ne4 Rd4 29. Nc5 b6 30. Ne6 Rg4 31. Rc1 Nce5 32. Nd8 Rxh4 33. Nxf7 Nxf7 34. Rc7 a5 35. Bxf7+ Kh7 36. Rb7 Rb4 37. a3 Rb5 38. Bc4 Rc5 39. Bd3+ f5 40. Rxb6 g5 41. Rf6 1-0

[Event "SLO-chT"]
[Site "Slovenia"]
[Date "2016.10.15"]
[Round "2"]
[White "Cigan, Stefan"]
[Black "Polajzer, Danilo"]
[Result "0-1"]
[WhiteElo "2356"]
[BlackElo "2283"]
[PlyCount "100"]
[EventDate "2016.10.14"]
[EventType "team-tourn"]
[EventRounds "9"]
[EventCountry "SLO"]
[SourceTitle "EXT 2017"]
[Source "ChessBase"]
[SourceDate "2016.10.25"]
[SourceVersion "1"]
[SourceVersionDate "2016.10.25"]
[SourceQuality "1"]
[WhiteTeam "Pomgrad Radenska"]
[BlackTeam "Ptuj"]
[WhiteTeamCountry "SLO"]
[BlackTeamCountry "SLO"]

1. e4 c5 2. Nf3 e6 3. d4 cxd4 4. Nxd4 a6 5. Bd3 g6 6. 0-0 Bg7 7. Nf3 Nc6 8. Re1 Nge7 9. c4 d6 10. Nc3 0-0 11. Be3 e5 12. Be2 Bg4 13. Nxe5 Nxe5 14. Bxg4 Nxc4 15. Qb3 b5 16. a4 Nxe3 17. Rxe3 Nc6 18. Rd1 Bd4 19. Re2 Bc5 20. Red2 Ne5 21. Bh3 Qh4 22. axb5 Rab8 23. Nd5 Rxb5 24. Qc3 a5 25. Ra1 Rfb8 26. Rxa5 Rb3 27. Rxc5 Rxc3 28. Rxc3 Ra8 29. Rd1 Ra2 30. f4 Rxb2 31. fxe5 dxe5 32. Rf1 f5 33. Rc7 Re2 34. Ne7+ Kf8 35. Bxf5 Re1 36. Bxg6+ Rxf1+ 37. Kxf1 Qf4+ 38. Ke2 Qg4+ 39. Ke3 hxg6 40. g3 Qg5+ 41. Kd3 Qg4 42. Nd5 Qd1+ 43. Ke3 Qg1+ 44. Kf3 Qh1+ 45. Ke3 Qxh2 46. Kd3 Qxg3+ 47. Kc4 Qf2 48. Kb5 g5 49. Kc6 g4 50. Kd6 g3 0-1

[Event "SLO-chT 25th"]
[Site "Otocec"]
[Date "2015.11.28"]
[Round "8.3"]
[White "Mikhalchishin, Adrian"]
[Black "Polajzer, Danilo"]
[Result "1/2-1/2"]
[WhiteElo "2506"]
[BlackElo "2280"]
[PlyCount "86"]
[EventDate "2015.10.16"]
[EventType "team-tourn"]
[EventRounds "9"]
[EventCountry "SLO"]
[SourceTitle "EXT 2020"]
[Source "ChessBase"]
[SourceDate "2019.10.17"]
[SourceVersion "1"]
[SourceVersionDate "2019.10.17"]
[SourceQuality "1"]
[WhiteTeam "Maribor ZSK"]
[BlackTeam "Ptuj"]
[WhiteTeamCountry "SVK"]
[BlackTeamCountry "SLO"]

1. e4 g6 2. d4 Bg7 3. c4 d6 4. Nc3 Nf6 5. f3 0-0 6. Be3 a6 7. Nge2 Nc6 8. Nc1 e5 9. d5 Nd4 10. Nb3 Nxb3 11. axb3 c5 12. Qd2 Nh5 13. Bd3 f5 14. 0-0 f4 15. Bf2 g5 16. Be2 Rf7 17. b4 b6 18. Rfb1 Rb8 19. Na4 Bf8 20. bxc5 bxc5 21. b4 Rfb7 22. b5 axb5 23. cxb5 Ra8 24. Nc3 Rba7 25. Qb2 Nf6 26. h3 Nd7 27. Rxa7 Rxa7 28. Ra1 Qb6 29. Ra3 Be7 30. Qa1 Rxa3 31. Qxa3 Bd8 32. Kf1 Kf7 33. Be1 Qa5 34. Qxa5 Bxa5 35. Na4 Bd8 36. Nc3 Ba5 37. Na4 Bd8 38. Bc4 Ke7 39. Ke2 Nb6 40. Nxb6 Bxb6 41. Kd3 h5 42. Kc2 h4 43. Kb3 Kd8 1/2-1/2

[Event "SLO-chT 25th"]
[Site "Otocec"]
[Date "2015.10.18"]
[Round "3.13"]
[White "Mikac, Matjaz"]
[Black "Polajzer, Danilo"]
[Result "1/2-1/2"]
[WhiteElo "2395"]
[BlackElo "2280"]
[PlyCount "82"]
[EventDate "2015.10.16"]
[EventType "team-tourn"]
[EventRounds "9"]
[EventCountry "SLO"]
[SourceTitle "EXT 2020"]
[Source "ChessBase"]
[SourceDate "2019.10.17"]
[SourceVersion "1"]
[SourceVersionDate "2019.10.17"]
[SourceQuality "1"]
[WhiteTeam "Maribor Branik"]
[BlackTeam "Ptuj"]
[WhiteTeamCountry "SLO"]
[BlackTeamCountry "SLO"]

1. d4 d5 2. Nf3 Nf6 3. Bf4 e6 4. e3 Bd6 5. Bxd6 Qxd6 6. c3 Ne4 7. Nbd2 Nxd2 8. Qxd2 0-0 9. Be2 c5 10. 0-0 b6 11. Rfd1 Ba6 12. Bxa6 Nxa6 13. Qe2 Nc7 14. c4 cxd4 15. Nxd4 Rfd8 16. cxd5 Nxd5 17. Rac1 Rac8 18. g3 Qd7 19. Qd2 Rxc1 20. Rxc1 Rc8 21. Rxc8+ Qxc8 22. Qc2 Qxc2 23. Nxc2 Kf8 24. Kf1 Ke7 25. Ke2 Kd6 26. Kd3 a6 27. e4 Nc7 28. a3 g6 29. h4 Kc5 30. Kc3 Nb5+ 31. Kd3 Nc7 32. Kc3 Nb5+ 33. Kd3 Nc7 34. Kc3 a5 35. a4 b5 36. axb5 Kxb5 37. Nd4+ Kc5 38. Nb3+ Kb5 39. Nd4+ Kc5 40. Nb3+ Kb5 41. Nd4+ Kc5 1/2-1/2